Fußball: Alle Finalisten im Europapokal der Pokalsieger - Statistiken

Allgemein
  • Dieses Quiz wurde 534 mal gespielt
  • Das Durchschnittsergebnis liegt bei 44 aus 78
Antwortstatistiken
Saison Sieger im Finale Land % Korrekt
1966/67 Bayern München BRD
91%
1967/68 AC Mailand ITA
90%
1972/73 AC Mailand ITA
90%
AC Mailand
90%
1978/79 FC Barcelona SPA
90%
1981/82 FC Barcelona SPA
90%
1988/89 FC Barcelona SPA
90%
1996/97 FC Barcelona SPA
90%
FC Barcelona
90%
FC Barcelona
90%
Real Madrid
89%
Real Madrid
89%
1965/66 Borussia Dortmund BRD
88%
1983/84 Juventus Turin ITA
84%
1990/91 Manchester United ENG
83%
FC Liverpool
79%
1986/87 Ajax Amsterdam NDL
74%
Ajax Amsterdam
74%
1993/94 FC Arsenal ENG
74%
FC Arsenal
74%
FC Arsenal
74%
1971/72 Glasgow Rangers SCO
74%
Glasgow Rangers
74%
Glasgow Rangers
74%
1970/71 FC Chelsea ENG
73%
1997/98 FC Chelsea ENG
73%
FC Porto
70%
1961/62 Atletico Madrid SPA
69%
Atletico Madrid
69%
Atletico Madrid
69%
1976/77 Hamburger SV BRD
69%
Hamburger SV
69%
1991/92 Werder Bremen DEU
67%
1998/99 Lazio Rom ITA
65%
1969/70 Manchester City ENG
65%
1963/64 Sporting Lissabon POR
64%
1979/80 FC Valencia SPA
59%
1962/63 Tottenham Hotspur ENG
58%
VfB Stuttgart
57%
1995/96 Paris Saint-Germain FRA
56%
Paris Saint-Germain
56%
Rapid Wien
56%
Rapid Wien
56%
1973/74 1. FC Madgeburg DDR
52%
1975/76 RSC Anderlecht BEL
50%
1977/78 RSC Anderlecht BEL
50%
RSC Anderlecht
50%
RSC Anderlecht
50%
Austria Wien
49%
1960/61 AC Florenz ITA
46%
AC Florenz
46%
Dynamo Moskau
45%
Lokomotive Leipzig
45%
1992/93 AC Parma ITA
40%
AC Parma
40%
1984/85 FC Everton ENG
38%
AS Moncao
37%
1982/83 FC Aberdeen SCO
37%
1964/65 West Ham United ENG
36%
West Ham United
36%
1989/90 Sampdoria Genua ITA
35%
Sampdoria Genua
35%
1860 München
34%
1974/75 Dynamo Kyiv SU*
33%
1985/86 Dynamo Kyiv SU*
33%
Ferencvaros Budapest
31%
Leeds United
31%
Fortuna Düsseldorf
30%
FC Antwerpen
29%
Carl Zeiss Jena
28%
Standard Lüttich
27%
1994/95 Real Zaragoza SPA
22%
1980/81 Dinamo Tiflis SU*
18%
1987/88 KV Mechelen BEL
18%
RCD Mallorca
17%
1968/69 Slovan Bratislava CZ*
17%
Gornik Zabrze
8%
MTK Budapest
8%
Keine übereinstimmenden Quizze gefunden
Verteilung der Resultate
Anzahl Personen mit jedem Resultat
Perzentil nach korrekt beantworteten Fragen
Ihre Resultats-Entwicklung
Sie haben dieses Quiz noch nicht gespielt